Stati che confinano con la Bulgaria - Statistics

Statistiche generali
  • Questo quiz è stato fatto 14 volte
  • Il punteggio medio è 5 su 5
Statistiche sulle risposte
Superficie (km²) Popolazione (ab.) Lunghezza confine (km) Stato % Corretto
78 000 7 001 444 318 Serbia
100%
131 940 10 432 481 494 Grecia
92%
25 713 1 832 696 162 Macedonia del Nord
92%
238 391 19 053 815 631 Romania
92%
783 532 85 037 696 240 Turchia
75%
Nessun quiz corrispondente trovato
Distribuzione punteggi
Percentuale di utenti per punteggio
Percentile per numero di risposta
I tuoi punteggi nel tempo
Non hai fatto questo quiz